MARC details
| 000 -CABECERA |
| campo de control de longitud fija |
00953nam a2200277 a 4500 |
| 005 - FECHA Y HORA DE LA ÚLTIMA TRANSACCIÓN |
| campo de control |
20250620063838.0 |
| 008 - ELEMENTOS DE LONGITUD FIJA--INFORMACIÓN GENERAL |
| campo de control de longitud fija |
030312s2001 es r 000 0 spa d |
| 020 ## - NÚMERO INTERNACIONAL NORMALIZADO PARA LIBROS |
| Número Internacional Estándar del Libro |
8476661215 (Cuadernos de Iberoamérica) |
| 020 ## - NÚMERO INTERNACIONAL NORMALIZADO PARA LIBROS |
| Número Internacional Estándar del Libro |
8476660960 (Cuadernos de la OEI) |
| 035 ## - NÚMERO DE CONTROL DEL SISTEMA |
| Número de control de sistema |
UPN01000122832 |
| 049 ## - COLECCIÓN |
| Colección |
CG |
| 050 #4 - SIGNATURA TOPOGRÁFICA DE LA BIBLIOTECA DEL CONGRESO |
| Número de clasificación |
GN358 |
| Número de documento/Ítem |
Z8.2 |
| 100 1# - ASIENTO PRINCIPAL--NOMBRE PERSONAL |
| Nombre de persona |
Zubiría Samper, Sergio de |
| 9 (RLIN) |
31256 |
| 245 10 - MENCIÓN DE TÍTULO |
| Título |
Conceptos básicos de administración y gestión cultural / |
| Mención de responsabilidad, etc. |
Sergio de Zubiría Samper, Ignacio Abello Trujillo, Marta Tabares. |
| 260 ## - PUBLICACIÓN, DISTRIBUCIÓN, ETC. |
| Lugar de publicación, distribución, etc. |
Madrid : |
| Nombre del editor, distribuidor, etc. |
OEI, |
| Fecha de publicación, distribución, etc. |
2001. |
| 300 ## - DESCRIPCIÓN FÍSICA |
| Extensión |
130 p. |
| 440 #0 - MENCIÓN DE SERIE/ASIENTO SECUNDARIO--TÍTULO |
| Título |
Cuadernos de Iberoamérica |
| 440 #0 - MENCIÓN DE SERIE/ASIENTO SECUNDARIO--TÍTULO |
| Título |
Cuadernos de la OEI. |
| Nombre de parte o sección de la obra |
Cultura |
| 500 ## - NOTA GENERAL |
| Nota general |
Publicado anteriormente: Madrid : OEI, 1998 |
| 650 #4 - ASIENTO SECUNDARIO DE MATERIA - TERMINO TEMATICO |
| Término de materia o nombre geográfico como elemento de entrada |
Cambio social |
| 9 (RLIN) |
4887 |
| 650 #2 - ASIENTO SECUNDARIO DE MATERIA - TERMINO TEMATICO |
| Término de materia o nombre geográfico como elemento de entrada |
Gestión cultural |
| 9 (RLIN) |
2727 |
| 650 #4 - ASIENTO SECUNDARIO DE MATERIA - TERMINO TEMATICO |
| Término de materia o nombre geográfico como elemento de entrada |
Política cultural |
| 9 (RLIN) |
1382 |
| 700 1# - ASIENTO SECUNDARIO--NOMBRE DE PERSONAL |
| Nombre de persona |
Abello Trujillo, Ignacio, |
| Término indicativo de función/relación |
coaut. |
| 700 1# - ASIENTO SECUNDARIO--NOMBRE DE PERSONAL |
| Nombre de persona |
Tabares, Marta, |
| Término indicativo de función/relación |
coaut. |
| 905 ## - TIPO DE MATERIAL |
| Tipo de material |
Libro |